| 000 | 03736nam a22003137a 4500 | ||
|---|---|---|---|
| 001 | 9283 | ||
| 003 | FISKH | ||
| 005 | 20251209093739.0 | ||
| 008 | 251209b cb ||||| |||| 00| 0 eng d | ||
| 020 | _a9789996301513 | ||
| 040 |
_aFISKH _bkhr _cFISKH _dFISKH |
||
| 050 | _aPZ7 | ||
| 082 | _a398.2 | ||
| 100 | _aSotheary, Kimsun | ||
| 245 |
_aឧទិច្ចតាបស / _cរៀបរៀងដោយ លោកស្រី គឹមស៊ុន សុធារី, គណកម្មការអំណាន លោក ធី ចាន់ថន និង កញ្ញា ហេង ចរិយា |
||
| 260 |
_aភ្នំពេញ : _bReading Books , _c2012 . |
||
| 300 |
_a24 pages : _bcolor illustrations ; _c25 cm . |
||
| 490 | _aពិភពរឿងនិទាន | ||
| 505 | _aN | ||
| 520 | _aព្រះរាជកុមារ ទុដ្ឋកុមារ ជាបុត្រារបស់ស្តេចមួយអង្គ ។ ដោយព្រះរាជកុមារជាក្មេងកោងកាចគ្មានហេតុផល ពលសេនាក៏យកទ្រង់ទៅបណ្តែតចោលតាមទឹក ។ ព្រះកុមារក៏បានតោងកំណាត់ឈើមួយ ជាមួយនឹង ពស់ សេក និង កណ្តរ ។ ក្រោយមកពួកគេក៏បានជួបឧទិច្ចតាបស ។ តាបសក៏បានអោយចំណីទៅសត្វទាំងបីសុីមុនព្រះរាជកុមារធ្វើអោយទ្រង់ខ្ញាល់យ៉ាងខ្លាំងក៏មានចិត្តគុំគួននឹងតាបស ។ ពីរ បី ថ្ងៃក្រោយមកអ្នកទាំងបួនក៏លាលោកតា ហើយក៏សន្យាថានឹងតបស្នងសងគុណលោកតាជាទីគាប់ចិត្ត ។ លោកតាក៏ទៅរកព្រះរាជកុមារនៅនគរ ដោយសារការចងគំនុំ ព្រះរាជកុមារក៏បញ្ជាអោយសេនាចាប់តាបសយកទៅសម្លាប់ ។ ក្រោយដឹងការពិតពីតាបស សេនាក៏ចាប់ព្រះរាជកុមារសម្លាប់ចោល ហើយអោយតាបសឡើងសោយរាជ្យវិញ ។ | ||
| 520 | _aPrince Duttakumara was the son of a king. Because the prince was a stubborn and unreasonable child, the royal guards took him and set him adrift on the water. The prince floated away while holding onto a piece of wood, together with a snake, a parrot, and a rat. Later, the four of them met the hermit Utech Tapas. The hermit gave food to the three animals first before the prince, which made the prince very angry and caused him to hold a grudge against the hermit. A few days later, the four of them parted from the hermit and promised that they would repay his kindness one day. The hermit then went to visit the prince in the city. Because of his grudge, the prince ordered the guards to seize the hermit and execute him. After learning the truth from the hermit, the guards instead captured the prince and put him to death, and they appointed the hermit to take the throne and rule the kingdom . | ||
| 521 | 8 |
_a550
_bLexile estimate |
|
| 521 | 8 |
_aN
_bRaz-Plus |
|
| 650 |
_aឧទិច្ចតាបស _vរឿងនិទានកុមារ |
||
| 650 |
_aThe ascetic man _vChildren's Stories |
||
| 700 |
_aSaren , Koam _eIllustrator |
||
| 942 |
_2ddc _cKHB _n0 |
||
| 999 |
_c9283 _d9283 |
||